000 00667nam a22001937a 4500
999 _c16054
_d16054
003 AR-CdUCM
008 190430b ||||| |||| 00| 0 spa d
040 _aMUNICIPALIDAD PROVINCIAL DEL CUSCO
_cBIBLIOTECA MUNICIPAL DEL CUSCO
082 _a331.8 /
_bAD237
100 _aAlder, Max
_935335
245 _aConcejos obreros y revolución /
300 _a159 pƔginas ;
_c18 cm.
505 _aContenido: Democracia burguesa y democracia social -- El principio vital de la democracia -- La dictadura del proletariado...
650 _aProletario
_92498
650 _aSocialismo
_91037
650 _aBusguesia
_935336
942 _2ddc
_cLIBROS
945 _adavv
_d30/04/2019